| 000 | 00510cam a2200181ua 4500 | ||
|---|---|---|---|
| 020 |
_a9788173710988 _cRs.250/- |
||
| 041 |
_aeng _h |
||
| 082 |
_a628.52 _bABB/BI |
||
| 100 | _aSa, Abbasi . | ||
| 245 |
_aBiotechnological methods of pollution control / _cAbbasi.SA,E.Ramasami. _hTextual Documents |
||
| 260 |
_aHyderabad : _bUniversities press India Pvt Ltd , _c2003. |
||
| 300 | _a168 ; . | ||
| 365 | _aRs.250/- | ||
| 504 | _a | ||
| 700 | 1 | _aE, Ramasami . | |
| 942 | _cBK | ||
| 999 |
_c12384 _d12384 |
||